1888 1257 1339 1817 1868 1496 1381 1092 1932 1959 1829 1884 1682 1279 1463 1577 1528 1477 1250 1760 1439 1580 1629 1964 1700 1574 1196 1384 1518 1038 1111 1331 1450 1506 1102 1819 1522 1361 1071 1711 1246 1299 1741 1320 1346 1240 1975 1096 1380 1124 1869 1023 1341 1542 1710 1183 1537 1399 1165 1537 1077 1970 1348 1476 1669 1210 1543 1930 1619 1296 1724 1286 1962 1538 1404 1639 1852 1533 1674 1928 1609 1881 1371 1035 1280 1319 1811 1265 1290 1900 1877 1176 1146 1928 1719 1162 1993 1479 1852 BCNSPRNW ULIB Ver.6.0+V

เปลี่ยนเป็นภาษาไทย

Change to English
 แสดงรายละเอียดบรรณานุกรม
  กลับหน้าหลัก

Brief Record : Get Marc (ISO 2709) : E-mail record : QR code < ปิดหน้าต่าง
LEADER : 00000nam 2200000uu 4500
001    13399112266
003     ULIB
008    110621s||||||||th 000 0 tha d
020    9749327799
050  4 BF636^bม181ห มปป.
100 0  มนสิการ
245 10 หมอที่ยิ่งใหญ่อยู่ในตัวคุณ /^cมนสิการ
260    กรุงเทพฯ :^bวิตา,^cมปป.
300    153 หน้า
650  4 ความรัก
650  4 จิตวิทยา
945    ^p119^l0^i019021
945    ^p119^l0^i021505
995    ทศพร
999 ^a ใช้งานได้ทุกระบบ
รายการนี้ยังไม่มีแท็ก
คุณยังไม่ได้ล็อกอิน คุณสามารถมีกิจกรรมร่วมกับเว็บไซต์ได้ แต่ต้องล็อกอินก่อน ::
  ล็อกอิน

รายการสื่อสารสนเทศ

ลำดับที่ ประเภท เลขเรียก/บาร์โค้ด สถานที่ สถานะ
- ไม่พบข้อมูล -

รายการใกล้เคียง
    ผู้แต่ง [มนสิการ]

    หัวเรื่อง [ความรัก]
    หัวเรื่อง [จิตวิทยา]

BibComment


ยังไม่เคยถูกคอมเมนท์

คอมเมนท์ทรัพยากรรายการนี้
  คอมเมนท์: หมอที่ยิ่งใหญ่อยู..


 Copyright 2026. Bcnsprnw @Library